000 00508nam a22001817a 4500
005 20251108164212.0
008 250721s1980 xx 000 0 ara d
082 1 4 _a071.962/عاد
100 1 _aحموده، عادل
245 1 0 _aإنقلاب في بلاط صاحبة الجلالة /
264 1 _aالقاهرة :
_bمكتبة روز اليوسف،
_c1980.
300 _a230ص
650 1 7 _aالصحافة
650 1 7 _aمصر
700 1 _aسعد، فايزه
942 _2ddc
_cBK
999 _c6249
_d6249